000 00369nam a2200157 i 4500
001 bg
100 1 _aPAŁKA, J.
245 0 _aGrunty budowlane /
_cJ. Pałka, L. Sanecki. Cz.2.
250 _aWyd.4 zm. i poszerz.
260 _aKraków,
_c1990.
700 1 _aSANECKI, L.
040 _cBPK
041 _apol
942 _cKS
008 s pl f |000 0 pol
999 _c4474
_d4474
856 _uhttp://koha.tu.koszalin.pl/cgi-bin/koha/opac-detail.pl?biblionumber=4474
_yKatalog online BPK